000
00302nam a22001337a 4500
008
170407b xxu||||| |||| 00| 0 eng d
020
_a
9780443068508
041
_a
eng
080
_a
611.018
100
_a
9
101
_a
SHM
245
_a
WHEATERS FUNCTIONAL HISTOLOGY
_c
YOUNG.B
942
_2
udc
_c
BK
999
_c
10057
_d
10057